| 000 | 01445cam a22003254a 4500 | ||
|---|---|---|---|
| 001 | 13548949 | ||
| 003 | OSt | ||
| 005 | 20240717122353.0 | ||
| 008 | 040406s2004 njua b 101 0 eng | ||
| 010 | _a 2004007923 | ||
| 020 | _a0470021470 (cloth : alk. paper) | ||
| 040 |
_aDLC _cMUST _dDLC |
||
| 042 | _apcc | ||
| 082 | _a381 HAK 2004 | ||
| 100 | 1 |
_aHåkansson, Håkan, _d1947- _918832 |
|
| 245 | 1 | 0 |
_aRethinking marketing : _bdeveloping a new understanding of markets / _cHåkan Håkansson with Debbie Harrison, Alexandra Waluszewski. |
| 260 |
_aHoboken : _bWiley, _c2004. |
||
| 300 |
_ax, 281 p. : _bill. ; _c25 cm. |
||
| 500 | _a"This book is the result of the seminar that was held in May 2003 in Oslo." | ||
| 504 | _aIncludes bibliographical references and index. | ||
| 650 | 0 |
_aMarketing _vCongresses. _918833 |
|
| 700 | 1 |
_aHarrison, Debbie. _918834 |
|
| 700 | 1 |
_aWaluszewski, Alexandra. _918835 |
|
| 856 | 4 | 1 |
_3Table of contents only _uhttp://www.loc.gov/catdir/toc/ecip0416/2004007923.html |
| 856 | 4 | 2 |
_3Contributor biographical information _uhttp://www.loc.gov/catdir/enhancements/fy0616/2004007923-b.html |
| 856 | 4 | 2 |
_3Publisher description _uhttp://www.loc.gov/catdir/enhancements/fy0616/2004007923-d.html |
| 906 |
_a7 _bcbc _corignew _d1 _eecip _f20 _gy-gencatlg |
||
| 942 |
_2ddc _cO_SHELF |
||
| 999 |
_c9229 _d9229 |
||